00473nam a22001337a 4500082001500000245010300015260002400118300002100142526003700163650001300200942001200213999001900225952009500244 a629.4bNAT aThe study on national transport plan in the Islamic Republic of Pakistan: Final report appendices/ bA. C. P. C. Ic1995 aVarious Paging,; a0b0c0d629_400000000000000_NAT aMCE9379 2ddccBK c550681d550681 00102ddc4070aMCEbMCEd2014-11-19l0o629.4 NATpMCE-29645r2014-11-19w2014-11-19yBK